Behavioral economics and its applications
Αποθηκεύτηκε σε:
| Άλλοι συγγραφείς: | , |
|---|---|
| Μορφή: | Βιβλίο |
| Γλώσσα: | English |
| Δημοσίευση: |
Princeton, N.J. :
Princeton University Press,
c2007.
|
| Θέματα: | |
| Ετικέτες: |
Προσθήκη ετικέτας
Δεν υπάρχουν, Καταχωρήστε ετικέτα πρώτοι!
|
MARC
| LEADER | 00000cam a2200000 i 4500 | ||
|---|---|---|---|
| 001 | 1/24223 | ||
| 008 | 130109s2007 nju ||| | eng|| | ||
| 020 | |a 9780691122847 | ||
| 020 | |a 0691122849 | ||
| 035 | |l 10113404 | ||
| 040 | |a GR-MyUA |b gre |e AACR2 | ||
| 041 | 0 | |a eng | |
| 082 | 0 | |a 330.019 |2 (22) | |
| 245 | 1 | 0 | |a Behavioral economics and its applications / |c Peter Diamond Hannu Vartiainen, editors. |
| 260 | |a Princeton, N.J. : |b Princeton University Press, |c c2007. | ||
| 300 | |a xvi, 312 σ. : |b εικ. ; |c 24 εκ. | ||
| 500 | |a Based on an international conference held in Helsinki, Finland, June 22-23, 2004 to celebrate the 50th anniversary of the Yrjo Jahnsson Foundation. | ||
| 504 | |a Περιέχει βιβλιογραφικές αναφορές και ευρετήριο. | ||
| 650 | 0 | 0 | |a Economics |x Psychological aspects |x Congresses. |
| 700 | 1 | |a Diamond, Peter A. |e edt | |
| 700 | 1 | |a Vartiainen, Hannu, |e edt | |
| 852 | |a INST |b SAMOS |e 20130204 |h 330.019 BEH |p 005300033472 |q 005300033472 |t BK |y 0 | ||
| 852 | |a INST |b SAMOS |e 20130109 |h 330.019 BEH |p 005300033554 |q 005300033554 |t BK |y 0 | ||
| 901 | |a BIBL3-2013-1 | ||
| 901 | |a BIBL3-2013-1 | ||
| 909 | |a Σ |b 172531 | ||
| 909 | |a Σ |b 177489 | ||
| 920 | |a Κοκολάκης |b Σπύρος |y Σάμος |z 2013-01 | ||
| 922 | |a 3ΕΛΗ |b 2012-10 |c ΤΜΠΕΣ |d BEST BOOK HUNTERS | ||
| 970 | |a ΚΟΣΙΕΡΗΣ |b ΧΡΗΣΤΟΣ |z 2013/01/09 | ||